Statistics for The Soviet Union (USSR)

Click here to take the quiz!

General Stats

  • This quiz has been taken 1,133 times
  • The average score is 52 of 62

Answer Stats

QuestionTileSelect% Correct
Countries that were in the Soviet UnionNorwayNo
100%
Countries that were in the Soviet UnionRussiaYes
99%
Countries that were in the Soviet UnionBelarusYes
98%
Countries that were in the Soviet UnionUkraineYes
98%
Countries that were in the Soviet UnionKyrgyzstanYes
97%
Countries that were in the Soviet UnionEstoniaYes
96%
Countries that were in the Soviet UnionFinlandNo
96%
Countries that were in the Soviet UnionGeorgiaYes
96%
Countries that were in the Soviet UnionSerbiaNo
96%
Countries that were in the Soviet UnionTajikistanYes
96%
Countries that were in the Soviet UnionLithuaniaYes
95%
Countries that were in the Soviet UnionMongoliaNo
95%
Capitals of the countries that were in the Soviet UnionMoscowYes
95%
Capitals of the countries that were in the Soviet UnionKievYes
94%
Countries that were in the Soviet UnionArmeniaYes
93%
Capitals of the countries that were in the Soviet UnionHelsinkiNo
93%
Capitals of the countries that were in the Soviet UnionKabulNo
92%
Countries that were in the Soviet UnionPolandNo
92%
Countries that were in the Soviet UnionRomaniaNo
92%
Capitals of the countries that were in the Soviet UnionBelgradeNo
91%
Countries of the Soviet Union that are known as the Baltic statesFinlandNo
91%
Countries of the Soviet Union that are known as the Baltic statesKyrgyzstanNo
91%
Countries of the Soviet Union that are known as the Baltic statesLatviaYes
91%
Countries of the Soviet Union that are known as the Baltic statesEstoniaYes
90%
Countries of the Soviet Union that are known as the Baltic statesLithuaniaYes
90%
Countries of the Soviet Union that are known as the Baltic statesPolandNo
90%
Countries of the Soviet Union that are known as the Baltic statesUkraineNo
90%
Countries of the Soviet Union that end in STAN by their capitalsBelgradeNo
89%
Capitals of the countries that were in the Soviet UnionBucharestNo
89%
Countries that were in the Soviet UnionMoldovaYes
89%
Countries of the Soviet Union that end in STAN by their capitalsMoscowNo
89%
Countries of the Soviet Union that are known as the Baltic statesRussiaNo
89%
Capitals of the countries that were in the Soviet UnionWarsawNo
89%
Countries of the Soviet Union that end in STAN by their capitalsWarsawNo
89%
Countries of the Soviet Union that end in STAN by their capitalsKievNo
88%
Countries of the Soviet Union that end in STAN by their capitalsMinskNo
88%
Countries of the Soviet Union that end in STAN by their capitalsRigaNo
88%
Countries of the Soviet Union that end in STAN by their capitalsVilniusNo
88%
Countries of the Soviet Union that are known as the Baltic statesBelarusNo
87%
Capitals of the countries that were in the Soviet UnionBakuYes
86%
Capitals of the countries that were in the Soviet UnionBishkekYes
86%
Countries of the Soviet Union that end in STAN by their capitalsUlaanbaatarNo
86%
Capitals of the countries that were in the Soviet UnionAshgabatYes
85%
Countries of the Soviet Union that end in STAN by their capitalsTashkentYes
84%
Countries of the Soviet Union that end in STAN by their capitalsAshgabatYes
83%
Capitals of the countries that were in the Soviet UnionYerevanYes
83%
Countries of the Soviet Union that end in STAN by their capitalsKabulNo
82%
Countries of the Soviet Union that end in STAN by their capitalsBishkekYes
81%
Capitals of the countries that were in the Soviet UnionDushanbeYes
80%
Countries of the Soviet Union that end in STAN by their capitalsBakuNo
79%
Countries of the Soviet Union that end in STAN by their capitalsYerevanNo
79%
Countries of the Soviet Union that end in STAN by their capitalsDushanbeYes
78%
Which cities were in the Soviet UnionSaratovYes
77%
Countries of the Soviet Union that end in STAN by their capitalsNur-SultanYes
69%
Which cities were in the Soviet UnionZugNo
62%
Which cities were in the Soviet UnionLublinNo
61%
Which cities were in the Soviet UnionOradeaNo
60%
Which cities were in the Soviet UnionMultanNo
59%
Which cities were in the Soviet UnionGomelYes
57%
Which cities were in the Soviet UnionKulobYes
45%
Which cities were in the Soviet UnionBaltiYes
40%
Which cities were in the Soviet UnionAltaiNo
32%

Score Distribution

Percentile by Number Answered

Percent of People with Each Score

Your Score History

You have not taken this quiz